[Event "Oberliga Ost-B 2122"]
[Site "Germany"]
[Date "2022.05.01"]
[Round "3.7"]
[White "Schlamp, Robert"]
[Black "Ochs, Holger"]
[Result "1-0"]
[WhiteElo "2259"]
[BlackElo "2226"]
[PlyCount "49"]
[EventDate "2021.10.10"]
[EventType "team-tourn"]
[EventRounds "11"]
[EventCountry "GER"]
[SourceTitle "EXT 2023"]
[Source "ChessBase"]
[SourceDate "2022.10.05"]
[SourceVersion "1"]
[SourceVersionDate "2022.10.05"]
[SourceQuality "1"]
[WhiteTeam "Oberursel"]
[BlackTeam "Wiesbaden"]
[WhiteTeamCountry "GER"]
[BlackTeamCountry "GER"]

1. e4 e6 2. d4 d5 3. Nc3 Bb4 4. e5 c5 5. a3 Bxc3+ 6. bxc3 Qa5 7. Bd2 Qa4 8. Nf3 b6 9. h4 Ne7 10. h5 h6 11. Rh4 c4 12. Rf4 Nbc6 13. Nh4 Bd7 14. Ra2 Rf8 15. Qg4 Qb5 16. Ra1 Qb2 17. Qd1 0-0-0 18. Rg4 f6 19. Rxg7 fxe5 20. dxe5 Nf5 21. Nxf5 Rxf5 22. f4 Rdf8 23. Rg3 Rxh5 24. Rb1 Qa2 25. Qc1 1-0

[Event "Oberliga Ost-B 2122"]
[Site "Germany"]
[Date "2022.04.30"]
[Round "2.7"]
[White "Hahn, Werner"]
[Black "Schlamp, Robert"]
[Result "1/2-1/2"]
[WhiteElo "2177"]
[BlackElo "2259"]
[PlyCount "82"]
[EventDate "2021.10.10"]
[EventType "team-tourn"]
[EventRounds "11"]
[EventCountry "GER"]
[SourceTitle "EXT 2023"]
[Source "ChessBase"]
[SourceDate "2022.10.05"]
[SourceVersion "1"]
[SourceVersionDate "2022.10.05"]
[SourceQuality "1"]
[WhiteTeam "Griesheim"]
[BlackTeam "Oberursel"]
[WhiteTeamCountry "GER"]
[BlackTeamCountry "GER"]

1. d4 Nf6 2. c4 g6 3. Nc3 Bg7 4. e4 d6 5. Nf3 0-0 6. Be2 e5 7. 0-0 Nc6 8. d5 Ne7 9. Ne1 Ne8 10. Be3 f5 11. f3 Nf6 12. Rc1 c5 13. Nd3 f4 14. Bf2 g5 15. g4 h5 16. h3 Rf7 17. b4 cxb4 18. Nxb4 Bf8 19. Kg2 Ng6 20. Nd3 Rh7 21. Rh1 b6 22. a4 Rb8 23. Ra1 hxg4 24. hxg4 Rbb7 25. Qb3 Nh4+ 26. Bxh4 gxh4 27. Nf2 Nd7 28. Qa2 Be7 29. Rhb1 Qf8 30. Nh3 Bd8 31. Kf2 Nc5 32. Qc2 Bd7 33. Ra2 Be8 34. Rab2 Qe7 35. Nb5 Qd7 36. Ra2 Bg6 37. Nc3 Qc8 38. Kf1 Rhf7 39. Bd3 a6 40. Rab2 Nxd3 41. Qxd3 Rfc7 1/2-1/2

[Event "Oberliga Ost-B 1920"]
[Site "Germany"]
[Date "2020.02.29"]
[Round "8.6"]
[White "Schlamp, Robert"]
[Black "Zeidler, Andreas"]
[Result "1-0"]
[WhiteElo "2290"]
[BlackElo "2160"]
[PlyCount "67"]
[EventDate "2019.09.29"]
[EventType "team-tourn"]
[EventRounds "11"]
[EventCountry "GER"]
[SourceTitle "EXT 2023"]
[Source "ChessBase"]
[SourceDate "2022.10.05"]
[SourceVersion "1"]
[SourceVersionDate "2022.10.05"]
[SourceQuality "1"]
[WhiteTeam "Oberursel"]
[BlackTeam "Liebschwitz"]
[WhiteTeamCountry "GER"]
[BlackTeamCountry "GER"]

1. d4 Nf6 2. c4 e6 3. Nc3 d5 4. Bg5 c6 5. e3 Nbd7 6. Nf3 Qa5 7. Bxf6 Nxf6 8. Bd3 dxc4 9. Bxc4 Bb4 10. Qc2 Nd5 11. Rc1 b5 12. Bb3 Bb7 13. 0-0 Nxc3 14. bxc3 Ba3 15. Rb1 c5 16. e4 0-0 17. d5 exd5 18. exd5 c4 19. Bxc4 bxc4 20. Rxb7 Qxd5 21. Rfb1 Bc5 22. R7b5 Rac8 23. a4 Rfd8 24. h4 g6 25. Qc1 Qd3 26. Qf4 Bd6 27. Qf6 Bb8 28. Re1 Re8 29. Rbb1 Qd6 30. Qg5 Qd3 31. Qb5 Red8 32. Re3 Qd5 33. Re8+ Kg7 34. Qxd5 1-0

[Event "Oberliga Ost-B 1920"]
[Site "Germany"]
[Date "2020.01.19"]
[Round "7.6"]
[White "Flach, Erich"]
[Black "Schlamp, Robert"]
[Result "1/2-1/2"]
[WhiteElo "2073"]
[BlackElo "2290"]
[PlyCount "79"]
[EventDate "2019.09.29"]
[EventType "team-tourn"]
[EventRounds "11"]
[EventCountry "GER"]
[SourceTitle "EXT 2021"]
[Source "ChessBase"]
[SourceDate "2020.10.23"]
[SourceVersion "1"]
[SourceVersionDate "2020.10.23"]
[SourceQuality "1"]
[WhiteTeam "Griesheim"]
[BlackTeam "Oberursel"]
[WhiteTeamCountry "GER"]
[BlackTeamCountry "GER"]

1. c4 Nf6 2. Nc3 g6 3. e4 d6 4. g3 Bg7 5. Bg2 0-0 6. Nge2 e5 7. d4 Nfd7 8. Be3 a6 9. d5 f5 10. Qd2 Nf6 11. h3 Nbd7 12. 0-0 fxe4 13. g4 b5 14. cxb5 axb5 15. Nxb5 Ba6 16. Nec3 Nb6 17. Bxb6 cxb6 18. a4 h5 19. g5 Nh7 20. Nxe4 Rf4 21. Rfe1 Bxb5 22. axb5 Rxa1 23. Rxa1 Nxg5 24. Qc2 Nxe4 25. Bxe4 Qg5+ 26. Bg2 Rd4 27. Rd1 Qf5 28. Qe2 e4 29. Rxd4 Bxd4 30. Bxe4 Qxh3 31. Qd3 Qxd3 32. Bxd3 Kg7 33. Kg2 Bxb2 34. f4 Kf6 35. Kf3 Bc1 36. Bf1 g5 37. fxg5+ Bxg5 38. Ke4 Bc1 39. Bh3 Bb2 40. Bd7 1/2-1/2

[Event "BL2-West 1819"]
[Site "Germany"]
[Date "2019.03.24"]
[Round "8.3"]
[White "Vandenbussche, Thibaut"]
[Black "Schlamp, Robert"]
[Result "1/2-1/2"]
[WhiteElo "2434"]
[BlackElo "2289"]
[PlyCount "109"]
[EventDate "2018.11.21"]
[EventType "team-tourn"]
[EventRounds "9"]
[EventCountry "GER"]
[SourceTitle "CBM 190 Extra"]
[Source "ChessBase"]
[SourceDate "2019.07.15"]
[SourceVersion "1"]
[SourceVersionDate "2019.07.15"]
[SourceQuality "1"]
[WhiteTeam "Aachen SV"]
[BlackTeam "Oberursel"]
[WhiteTeamCountry "GER"]
[BlackTeamCountry "GER"]

1. e4 e6 2. d4 d5 3. Nc3 Bb4 4. a3 Bxc3+ 5. bxc3 dxe4 6. Qg4 Nf6 7. Qxg7 Rg8 8. Qh6 Rg6 9. Qd2 Bd7 10. Ne2 Bc6 11. Nf4 Rg8 12. c4 Qd6 13. Bb2 Rg4 14. Nh3 Nbd7 15. a4 Qf8 16. 0-0-0 0-0-0 17. a5 Qg8 18. Qe3 Kb8 19. g3 b6 20. Bg2 bxa5 21. f3 exf3 22. Bxf3 Bxf3 23. Qxf3 Qg6 24. Rhe1 Nb6 25. Nf4 Rxf4 26. gxf4 Nxc4 27. Qb3+ Nb6 28. c4 Kc8 29. Re5 Qg4 30. f5 Qf4+ 31. Kb1 a4 32. Qc2 Nfd7 33. Ra5 Qf3 34. Rc1 Rg8 35. fxe6 fxe6 36. c5 Rg2 37. Qc3 Qe4+ 38. Ka1 Nd5 39. Qc4 Ne3 40. Qxa4 Nc2+ 41. Ka2 Nxd4 42. Rxa7 Qd5+ 43. Ka3 Nc6 44. Ra8+ Ndb8 45. Qa6+ Kd7 46. Qb5 Rg8 47. Rf1 e5 48. Rf6 Re8 49. Rh6 Qe4 50. Qb3 Nd4 51. Qa4+ Nbc6 52. Rxe8 Qf3+ 53. Ka2 Qd5+ 54. Kb1 Qe4+ 55. Ka2 1/2-1/2

[Event "BL2-West 1819"]
[Site "Germany"]
[Date "2018.11.11"]
[Round "2.3"]
[White "Schlamp, Robert"]
[Black "Petrisor, Adrian Marian"]
[Result "0-1"]
[WhiteElo "2301"]
[BlackElo "2419"]
[PlyCount "66"]
[EventDate "2018.11.21"]
[EventType "team-tourn"]
[EventRounds "9"]
[EventCountry "GER"]
[SourceTitle "CBM 190 Extra"]
[Source "ChessBase"]
[SourceDate "2019.07.15"]
[SourceVersion "1"]
[SourceVersionDate "2019.07.15"]
[SourceQuality "1"]
[WhiteTeam "Oberursel"]
[BlackTeam "Remagen Sinzig"]
[WhiteTeamCountry "GER"]
[BlackTeamCountry "GER"]

1. Nf3 d5 2. g3 Nc6 3. d4 Bf5 4. Bg2 Nb4 5. Na3 e6 6. 0-0 Nf6 7. Bf4 Bd6 8. Bxd6 Qxd6 9. c4 0-0 10. Qb3 a5 11. Nb5 Qb6 12. Na3 a4 13. Qc3 Ne4 14. Qe3 dxc4 15. Nxc4 Qa6 16. Rfc1 Nd5 17. Qa3 b5 18. Nfd2 b4 19. Qf3 Ndf6 20. Nxe4 Bxe4 21. Qf4 Bxg2 22. Kxg2 Rad8 23. e3 c5 24. dxc5 Qc6+ 25. Kg1 Qxc5 26. b3 axb3 27. axb3 Qh5 28. Kg2 Rd3 29. Ra5 Nd5 30. Qd6 Qe2 31. Qe5 Rxb3 32. Rca1 Qxc4 33. Ra8 Ra3 0-1

[Event "Oberliga Ost-B 1718"]
[Site "Germany"]
[Date "2018.04.14"]
[Round "10.4"]
[White "Schlamp, Robert"]
[Black "Heyder, Florian"]
[Result "1/2-1/2"]
[WhiteElo "2297"]
[BlackElo "2174"]
[PlyCount "111"]
[EventDate "2017.10.22"]
[EventType "team-tourn"]
[EventRounds "11"]
[EventCountry "GER"]
[SourceTitle "EXT 2019"]
[Source "ChessBase"]
[SourceDate "2018.10.10"]
[SourceVersion "1"]
[SourceVersionDate "2018.10.10"]
[SourceQuality "1"]
[WhiteTeam "Oberursel"]
[BlackTeam "Sangerhausen"]
[WhiteTeamCountry "GER"]
[BlackTeamCountry "GER"]

1. e4 e6 2. d3 d5 3. Nd2 Nf6 4. Ngf3 Nc6 5. e5 Nd7 6. d4 f6 7. Bb5 Be7 8. 0-0 fxe5 9. dxe5 0-0 10. Re1 a6 11. Bxc6 bxc6 12. Nd4 Nb8 13. Qg4 Rf7 14. f4 Qd7 15. N2f3 c5 16. Ne2 Nc6 17. Bd2 Rb8 18. b3 Nb4 19. Bxb4 Rxb4 20. Rad1 a5 21. c3 Rb6 22. Ng3 h6 23. Nd2 a4 24. Nc4 Ra6 25. Ne3 axb3 26. axb3 Kh7 27. h4 Qe8 28. h5 Qf8 29. Rf1 Rb6 30. Rf3 Rxb3 31. Qg6+ Kh8 32. Qc2 c4 33. Rdf1 Bc5 34. Ne2 Bd7 35. Kh1 c6 36. Qg6 Qe7 37. g3 Be8 38. f5 Bxe3 39. f6 gxf6 40. Rxe3 f5 41. Nd4 Qg5 42. Qxg5 hxg5 43. Nxe6 f4 44. gxf4 gxf4 45. Ref3 Re7 46. Nd4 Rxe5 47. Nxb3 Rxh5+ 48. Kg1 cxb3 49. Rb1 Rh4 50. Rxb3 Bg6 51. Rf2 Kg7 52. Rb6 Be4 53. Rh2 Rg4+ 54. Kf2 Rg6 55. Ra6 Rf6 56. Rh4 1/2-1/2

[Event "Oberliga Ost-B 1718"]
[Site "Germany"]
[Date "2018.03.18"]
[Round "9.3"]
[White "Du Maire, Jerome"]
[Black "Schlamp, Robert"]
[Result "0-1"]
[WhiteElo "2154"]
[BlackElo "2297"]
[PlyCount "62"]
[EventDate "2017.10.22"]
[EventType "team-tourn"]
[EventRounds "11"]
[EventCountry "GER"]
[SourceTitle "EXT 2019"]
[Source "ChessBase"]
[SourceDate "2018.10.10"]
[SourceVersion "1"]
[SourceVersionDate "2018.10.10"]
[SourceQuality "1"]
[WhiteTeam "Frankfurt TV"]
[BlackTeam "Oberursel"]
[WhiteTeamCountry "GER"]
[BlackTeamCountry "GER"]

1. d4 Nf6 2. c4 g6 3. g3 Bg7 4. Bg2 0-0 5. Nf3 d6 6. Nc3 Nc6 7. 0-0 a6 8. Qd3 Rb8 9. d5 Ne5 10. Nxe5 dxe5 11. e4 b5 12. cxb5 axb5 13. Rd1 Bg4 14. f3 Bd7 15. a3 Ne8 16. Be3 Nd6 17. Bc5 f5 18. b3 h5 19. a4 h4 20. Nxb5 Nxb5 21. axb5 Bxb5 22. Qc3 hxg3 23. hxg3 fxe4 24. fxe4 Qd7 25. Rd2 Rf7 26. Rf2 Rbf8 27. Rxf7 Rxf7 28. Ra7 Qg4 29. Rxc7 Qd1+ 30. Kh2 Bf8 31. Be3 Rh7+ 0-1

[Event "Oberliga Ost-B 1718"]
[Site "Germany"]
[Date "2018.01.21"]
[Round "5.4"]
[White "Schlamp, Robert"]
[Black "Mehlhorn, Uwe"]
[Result "1/2-1/2"]
[WhiteElo "2297"]
[BlackElo "2153"]
[PlyCount "154"]
[EventDate "2017.10.22"]
[EventType "team-tourn"]
[EventRounds "11"]
[EventCountry "GER"]
[SourceTitle "EXT 2019"]
[Source "ChessBase"]
[SourceDate "2018.10.10"]
[SourceVersion "1"]
[SourceVersionDate "2018.10.10"]
[SourceQuality "1"]
[WhiteTeam "Oberursel"]
[BlackTeam "Stadtilm Blau Weiss"]
[WhiteTeamCountry "GER"]
[BlackTeamCountry "GER"]

1. e4 d6 2. Nf3 Nf6 3. d3 g6 4. g3 Bg7 5. Bg2 c5 6. 0-0 Nc6 7. c3 0-0 8. a3 a5 9. a4 Bg4 10. h3 Bxf3 11. Qxf3 Rc8 12. Na3 Nd7 13. Qd1 e6 14. Nb5 Qe7 15. Bf4 e5 16. Bd2 Kh8 17. Qb3 Rfd8 18. f4 exf4 19. Bxf4 Nce5 20. Rad1 g5 21. Bxe5 Nxe5 22. Qd5 Kg8 23. Rf5 Rd7 24. d4 cxd4 25. cxd4 Ng6 26. Rxg5 Bxd4+ 27. Nxd4 Rc5 28. Rxg6+ hxg6 29. Qb3 Qg5 30. Kh2 Qe5 31. Qe3 Rdc7 32. Qf4 Rc4 33. Nb5 R7c5 34. Nc3 Rd4 35. Rxd4 Qxd4 36. Nb5 Qxb2 37. Nxd6 Qb3 38. e5 b6 39. h4 Qe6 40. h5 Rxe5 41. hxg6 fxg6 42. Ne4 Rh5+ 43. Kg1 Kg7 44. Qc7+ Kh6 45. Qc1+ Kg7 46. Qc3+ Qe5 47. Qd3 Rf5 48. g4 Qa1+ 49. Bf1 Rxf1+ 50. Qxf1 Qd4+ 51. Nf2 Qxa4 52. Qd3 Qf4 53. Qd7+ Qf7 54. Qb5 Qe6 55. Kg2 Kh6 56. Kf3 Qf6+ 57. Kg3 Qd6+ 58. Kh4 Kh7 59. Qe8 Qf6+ 60. Kg3 g5 61. Kg2 Kg7 62. Qb5 Qg6 63. Qd5 Kh6 64. Ne4 a4 65. Kh3 a3 66. Ng3 Qf6 67. Nf5+ Kh7 68. Qb7+ Kg6 69. Qc8 Kh7 70. Qc7+ Kg6 71. Ne7+ Kg7 72. Nf5+ Kg6 73. Qc4 Kh7 74. Qc7+ Kg6 75. Qc2 Qh8+ 76. Kg3 Qe5+ 77. Kh3 Qh8+ 1/2-1/2

[Event "Oberliga Ost-B 1718"]
[Site "Germany"]
[Date "2017.10.22"]
[Round "1.4"]
[White "Dorst, Johannes"]
[Black "Schlamp, Robert"]
[Result "0-1"]
[WhiteElo "2207"]
[BlackElo "2297"]
[PlyCount "90"]
[EventDate "2017.10.22"]
[EventType "team-tourn"]
[EventRounds "11"]
[EventCountry "GER"]
[SourceTitle "EXT 2019"]
[Source "ChessBase"]
[SourceDate "2018.10.10"]
[SourceVersion "1"]
[SourceVersionDate "2018.10.10"]
[SourceQuality "1"]
[WhiteTeam "Marburg"]
[BlackTeam "Oberursel"]
[WhiteTeamCountry "GER"]
[BlackTeamCountry "GER"]

1. c4 Nf6 2. g3 g6 3. Bg2 Bg7 4. Nc3 d6 5. e3 e5 6. Nge2 0-0 7. 0-0 Nbd7 8. d4 Re8 9. b3 e4 10. Qc2 Qe7 11. Ba3 Nf8 12. Nd5 Nxd5 13. cxd5 Bf5 14. Rac1 Rac8 15. Qd2 h5 16. Qa5 a6 17. Bb4 Nh7 18. Rc2 Nf6 19. Rfc1 b6 20. Qxa6 Nxd5 21. Be1 Bh6 22. Nf4 Bxf4 23. gxf4 g5 24. fxg5 Qxg5 25. Kh1 Kh8 26. Bd2 Rg8 27. Rg1 Nf6 28. Qf1 Rg6 29. Rc1 Rcg8 30. f4 Qh6 31. h4 Nd5 32. Qe2 Rg3 33. Kh2 Qg6 34. Rcf1 Rxe3 35. Bxe3 Qg3+ 36. Kh1 Qxh4+ 37. Bh3 Qxh3+ 38. Qh2 Qxh2+ 39. Kxh2 Nxe3 40. Rxg8+ Kxg8 41. Rc1 c5 42. dxc5 dxc5 43. Kg3 Bg4 44. f5 Nxf5+ 45. Kf4 e3 0-1

[Event "Oberliga Ost-B 1617"]
[Site "Germany"]
[Date "2017.02.18"]
[Round "6.5"]
[White "Schlamp, Robert"]
[Black "Karabalis, Harilos"]
[Result "1-0"]
[WhiteElo "2263"]
[BlackElo "2262"]
[PlyCount "83"]
[EventDate "2016.10.16"]
[EventType "team-tourn"]
[EventRounds "11"]
[EventCountry "GER"]
[SourceTitle "EXT 2018"]
[Source "ChessBase"]
[SourceDate "2017.10.13"]
[SourceVersion "1"]
[SourceVersionDate "2017.10.13"]
[SourceQuality "1"]
[WhiteTeam "Oberursel"]
[BlackTeam "Frankfurt BvK"]
[WhiteTeamCountry "GER"]
[BlackTeamCountry "GER"]

1. d4 Nf6 2. c4 g6 3. Nc3 Bg7 4. e4 d6 5. h3 0-0 6. Be3 e5 7. d5 c6 8. Bd3 a6 9. Nge2 cxd5 10. cxd5 Nbd7 11. g4 b5 12. Ng3 Nc5 13. Bc2 b4 14. Na4 Nfd7 15. Qd2 a5 16. 0-0 Ba6 17. Rfc1 Rc8 18. Nxc5 Nxc5 19. Bd1 Qd7 20. a3 Qb7 21. axb4 axb4 22. Ra5 Nd7 23. Rca1 Ra8 24. Ba4 Nb8 25. Bb5 Bf6 26. Qxb4 Bd8 27. R5a4 Bc7 28. Bf1 Qc8 29. Bxa6 Rxa6 30. Rxa6 Nxa6 31. Qc4 Nb8 32. Rc1 Na6 33. Qc6 Qa8 34. b4 Rb8 35. Qxa8 Rxa8 36. b5 Nc5 37. Bxc5 dxc5 38. Rxc5 Bb6 39. Rc6 Ra1+ 40. Kg2 Bd4 41. Ne2 Rb1 42. d6 1-0

[Event "Oberliga Ost-B 1516"]
[Site "Germany"]
[Date "2016.02.21"]
[Round "8.4"]
[White "Urban, Lars"]
[Black "Schlamp, Robert"]
[Result "1/2-1/2"]
[WhiteElo "2140"]
[BlackElo "2295"]
[PlyCount "73"]
[EventDate "2015.09.20"]
[EventType "team-tourn"]
[EventRounds "11"]
[EventCountry "GER"]
[SourceTitle "EXT 2017"]
[Source "ChessBase"]
[SourceDate "2016.10.25"]
[SourceVersion "1"]
[SourceVersionDate "2016.10.25"]
[SourceQuality "1"]
[WhiteTeam "Erfurt Empor"]
[BlackTeam "Oberursel"]
[WhiteTeamCountry "GER"]
[BlackTeamCountry "GER"]

1. d4 Nf6 2. c4 g6 3. f3 Bg7 4. e4 0-0 5. Nc3 d6 6. Be3 e5 7. Nge2 Nfd7 8. Qd2 c5 9. dxc5 dxc5 10. 0-0-0 Nc6 11. h4 Nd4 12. Nd5 Nb6 13. Nxd4 cxd4 14. Bh6 Nxd5 15. cxd5 Bxh6 16. Qxh6 f6 17. Kb1 Bd7 18. f4 Rc8 19. Be2 Qe7 20. g4 Qg7 21. Qxg7+ Kxg7 22. f5 Rc5 23. h5 g5 24. Rc1 Rfc8 25. Rxc5 Rxc5 26. Rc1 Rxc1+ 27. Kxc1 Kf7 28. b3 h6 29. a3 Ke7 30. Bd3 Kd6 31. Kd2 a5 32. Kc2 Kc5 33. Kd2 b5 34. Kc2 Bc8 35. a4 bxa4 36. bxa4 Bb7 37. Bf1 1/2-1/2

[Event "Oberliga Ost-B 1516"]
[Site "Germany"]
[Date "2016.01.16"]
[Round "6.4"]
[White "Henrich, Thomas"]
[Black "Schlamp, Robert"]
[Result "1-0"]
[WhiteElo "2177"]
[BlackElo "2295"]
[PlyCount "79"]
[EventDate "2015.09.20"]
[EventType "team-tourn"]
[EventRounds "11"]
[EventCountry "GER"]
[SourceTitle "EXT 2017"]
[Source "ChessBase"]
[SourceDate "2016.10.25"]
[SourceVersion "1"]
[SourceVersionDate "2016.10.25"]
[SourceQuality "1"]
[WhiteTeam "Marburg"]
[BlackTeam "Oberursel"]
[WhiteTeamCountry "GER"]
[BlackTeamCountry "GER"]

1. e4 c5 2. Nf3 d6 3. d4 cxd4 4. Nxd4 Nf6 5. Nc3 Nc6 6. Bg5 Bd7 7. Be2 Qa5 8. Bxf6 gxf6 9. Nb3 Qg5 10. g3 Rc8 11. f4 Qg7 12. Qd2 a6 13. 0-0-0 e6 14. Nc5 Rc7 15. Nxd7 Rxd7 16. Na4 Be7 17. Nb6 Rc7 18. Nc4 0-0 19. Qe3 f5 20. Qb6 Rd7 21. exf5 d5 22. fxe6 fxe6 23. Qe3 Qf6 24. Bg4 Nd8 25. Ne5 Rd6 26. Rhe1 Qg7 27. h3 Bf6 28. Rd3 Kh8 29. Qc5 Be7 30. Qd4 Bf6 31. Qb4 Qc7 32. Nc4 dxc4 33. Rxd6 Be7 34. Red1 Bxd6 35. Qxd6 Qxd6 36. Rxd6 Re8 37. Be2 c3 38. bxc3 Kg7 39. Rd7+ Kh6 40. Bd3 1-0

[Event "Oberliga Ost-B 1415"]
[Site "Germany"]
[Date "2015.04.11"]
[Round "10.4"]
[White "Riedel, Finn"]
[Black "Schlamp, Robert"]
[Result "0-1"]
[WhiteElo "2145"]
[BlackElo "2271"]
[PlyCount "52"]
[EventDate "2014.09.21"]
[EventType "team-tourn"]
[EventRounds "11"]
[EventCountry "GER"]
[SourceTitle "EXT 2016"]
[Source "ChessBase"]
[SourceDate "2015.10.08"]
[SourceVersion "1"]
[SourceVersionDate "2015.10.08"]
[SourceQuality "1"]
[WhiteTeam "Weimar Vimaria"]
[BlackTeam "Oberursel"]
[WhiteTeamCountry "GER"]
[BlackTeamCountry "GER"]

1. f4 d5 2. Nf3 Nf6 3. e3 Bg4 4. Be2 e6 5. b3 Bxf3 6. Bxf3 Bd6 7. Bb2 Nbd7 8. c4 0-0 9. 0-0 c6 10. Kh1 Re8 11. Nc3 dxc4 12. bxc4 e5 13. Ne4 Nxe4 14. Bxe4 exf4 15. Bc2 Qh4 16. Qf3 Ne5 17. Qxf4 Qxf4 18. Rxf4 Rad8 19. Raf1 Nd3 20. Bf6 Bxf4 21. Bxd8 Rxd8 22. exf4 Nb4 23. Bb3 Rxd2 24. Rd1 Rxd1+ 25. Bxd1 Nxa2 26. Kg1 Nc3 0-1

[Event "Oberliga Ost-B 1415"]
[Site "Germany"]
[Date "2014.10.19"]
[Round "3.4"]
[White "Schlamp, Robert"]
[Black "Starke, Dieter"]
[Result "1-0"]
[WhiteElo "2271"]
[BlackElo "2211"]
[PlyCount "41"]
[EventDate "2014.09.21"]
[EventType "team-tourn"]
[EventRounds "11"]
[EventCountry "GER"]
[SourceTitle "EXT 2016"]
[Source "ChessBase"]
[SourceDate "2015.10.08"]
[SourceVersion "1"]
[SourceVersionDate "2015.10.08"]
[SourceQuality "1"]
[WhiteTeam "Oberursel"]
[BlackTeam "Marburg"]
[WhiteTeamCountry "GER"]
[BlackTeamCountry "GER"]

1. d4 e6 2. e4 d5 3. Nc3 Nf6 4. Bg5 Bb4 5. e5 h6 6. Bd2 Bxc3 7. bxc3 Ne4 8. Qg4 Kf8 9. h4 c5 10. Bd3 Nxd2 11. Kxd2 c4 12. Be2 Nc6 13. Rh3 b5 14. Rg3 Rg8 15. Nh3 a5 16. Nf4 Ne7 17. a3 Nf5 18. Rh3 Qe7 19. Qf3 Nxh4 20. Rxh4 Qxh4 21. Ng6+ 1-0

[Event "Oberliga Ost-B 1415"]
[Site "Germany"]
[Date "2014.09.21"]
[Round "1.5"]
[White "Barski, Radoslaw"]
[Black "Schlamp, Robert"]
[Result "1/2-1/2"]
[WhiteElo "2264"]
[BlackElo "2271"]
[PlyCount "91"]
[EventDate "2014.09.21"]
[EventType "team-tourn"]
[EventRounds "11"]
[EventCountry "GER"]
[SourceTitle "EXT 2016"]
[Source "ChessBase"]
[SourceDate "2015.10.08"]
[SourceVersion "1"]
[SourceVersionDate "2015.10.08"]
[SourceQuality "1"]
[WhiteTeam "Heusenstamm"]
[BlackTeam "Oberursel"]
[WhiteTeamCountry "GER"]
[BlackTeamCountry "GER"]

1. e4 e6 2. d4 d5 3. Nd2 c5 4. Ngf3 Nc6 5. exd5 exd5 6. Bb5 Nf6 7. 0-0 Be7 8. dxc5 0-0 9. Nb3 Ne4 10. Be3 Bg4 11. Be2 Rc8 12. h3 Be6 13. Nfd2 Qc7 14. c3 Ne5 15. Bd4 Ng6 16. Bd3 Nxc5 17. Nxc5 Bxc5 18. Bxc5 Qxc5 19. Nb3 Qb6 20. Bxg6 hxg6 21. Qd2 Rfe8 22. Rfe1 f6 23. Qd4 Qxd4 24. Nxd4 Bd7 25. f3 Rxe1+ 26. Rxe1 Kf7 27. Kf2 Re8 28. Rxe8 Kxe8 29. Ke3 Ke7 30. Nc2 Bf5 31. Nb4 Kd6 32. Kd4 Be6 33. Nc2 g5 34. g4 g6 35. Ne3 f5 36. Ng2 Bd7 37. Ne3 Be6 38. b3 b6 39. a3 f4 40. Ng2 Bc8 41. h4 gxh4 42. Nxh4 g5 43. Ng6 Ba6 44. Ne5 Ke6 45. c4 dxc4 46. Nxc4 1/2-1/2

[Event "Oberliga Ost-B 1314"]
[Site "Germany"]
[Date "2014.02.23"]
[Round "8.3"]
[White "Schlamp, Robert"]
[Black "Koch, Markus"]
[Result "1/2-1/2"]
[WhiteElo "2309"]
[BlackElo "2140"]
[PlyCount "104"]
[EventDate "2013.10.13"]
[EventType "team-tourn"]
[EventRounds "11"]
[EventCountry "GER"]
[SourceTitle "EXT 2015"]
[Source "ChessBase"]
[SourceDate "2014.11.20"]
[SourceVersion "1"]
[SourceVersionDate "2014.11.20"]
[SourceQuality "1"]
[WhiteTeam "Oberursel"]
[BlackTeam "Frankfurt BvK"]
[WhiteTeamCountry "GER"]
[BlackTeamCountry "GER"]

1. e4 c5 2. Nf3 d6 3. d4 cxd4 4. Qxd4 a6 5. Be3 Nf6 6. Nc3 Nc6 7. Qd2 Bg4 8. Nd4 e5 9. Nb3 h6 10. f3 Be6 11. Be2 d5 12. exd5 Nxd5 13. Nxd5 Qxd5 14. Qxd5 Bxd5 15. 0-0-0 Be6 16. Kb1 Rc8 17. Rd2 Nd8 18. f4 exf4 19. Bxf4 Be7 20. Nd4 Bg5 21. Rf1 Bxf4 22. Rxf4 0-0 23. Bf3 Rc7 24. b3 Bc8 25. Bd5 Ne6 26. Bxe6 Bxe6 27. Nxe6 fxe6 28. Re4 Rf6 29. Kb2 Kf7 30. c4 Ke7 31. Rg4 g5 32. Rg3 Rd7 33. Re2 Rf4 34. Rh3 Rf6 35. Rhe3 Rd6 36. Kc3 Rc6 37. Kb4 Rf5 38. a4 b6 39. Rh3 e5 40. a5 bxa5+ 41. Kxa5 e4+ 42. Kb4 Re6 43. Kc3 g4 44. Rhe3 Rf4 45. b4 Kf6 46. Kd4 Kf5 47. Ra2 Rf1 48. Ra5+ Kf6 49. Rd5 Rd1+ 50. Kc5 Re5 51. Kd6 Re6+ 52. Kc5 Re5 1/2-1/2

[Event "Oberliga Ost-B 1314"]
[Site "Germany"]
[Date "2014.01.19"]
[Round "7.3"]
[White "Baum, Bernd"]
[Black "Schlamp, Robert"]
[Result "1-0"]
[WhiteElo "2320"]
[BlackElo "2309"]
[PlyCount "139"]
[EventDate "2013.10.13"]
[EventType "team-tourn"]
[EventRounds "11"]
[EventCountry "GER"]
[SourceTitle "EXT 2015"]
[Source "ChessBase"]
[SourceDate "2014.11.20"]
[SourceVersion "1"]
[SourceVersionDate "2014.11.20"]
[SourceQuality "1"]
[WhiteTeam "Erfurt Empor"]
[BlackTeam "Oberursel"]
[WhiteTeamCountry "GER"]
[BlackTeamCountry "GER"]

1. g3 d5 2. Nf3 Nf6 3. Bg2 c5 4. 0-0 Nc6 5. d4 e6 6. c4 Be7 7. cxd5 exd5 8. dxc5 Bxc5 9. a3 0-0 10. b4 Be7 11. Bb2 Re8 12. Nbd2 Bf8 13. Nb3 Ne4 14. Rc1 Bg4 15. Nbd4 Ne7 16. Ne5 Bh5 17. Nd3 Bg6 18. Nf4 Qb6 19. Nxg6 Nxg6 20. Nb3 Rad8 21. Qd4 Qa6 22. Rfe1 Ne5 23. f3 Nf6 24. Nc5 Qb6 25. Nd3 Nc4 26. Qxb6 axb6 27. Bd4 b5 28. Rc3 Ra8 29. Kf2 Rxa3 30. Rxa3 Nxa3 31. Rc1 Nc4 32. Ra1 Nd7 33. Ra7 Rb8 34. f4 Ndb6 35. Bxb6 Nxb6 36. Ra5 Rd8 37. Rxb5 Rd6 38. Nc5 Nd7 39. Rxb7 Nf6 40. Ke3 g6 41. Rb8 Kg7 42. Bf3 Be7 43. Kd3 h5 44. b5 Bd8 45. Na4 Ba5 46. Rc8 Ng8 47. Ra8 Bc7 48. Ra7 Bd8 49. Ra6 Rd7 50. b6 Nf6 51. Nc5 Rd6 52. b7 Bc7 53. Rxd6 Bxd6 54. Kd4 Kf8 55. Bxd5 Ke7 56. e4 Bb8 57. e5 Ng4 58. h4 f6 59. exf6+ Nxf6 60. Kc4 Ba7 61. Be4 Kd6 62. Bxg6 Kc7 63. Ne4 Nxe4 64. Bxe4 Bf2 65. f5 Bxg3 66. f6 Bxh4 67. f7 Be7 68. Kd5 h4 69. Ke6 Bf8 70. Kf6 1-0